| 000 | 00498cam a2200193ua 4500 | ||
|---|---|---|---|
| 020 | _c22.00 | ||
| 041 |
_aeng _h |
||
| 082 |
_a530 _bGAM/PH |
||
| 100 | _aGamow, George . | ||
| 245 |
_aphysics : foundations and frontiers / _cGeorge Gamow. _hTextual Documents |
||
| 250 |
_a3 / _b. |
||
| 260 |
_aNew Delhi : _bPrentice Hall of India Pvt Ltd. , _c1978. |
||
| 300 | _a604 ; . | ||
| 365 | _a22.00 | ||
| 504 | _a | ||
| 700 | 1 | _aCleveland, John M . | |
| 942 | _cBK | ||
| 999 |
_c10114 _d10114 |
||